部首为钅的常见中文汉字 Common Chinese characters with the radical “Metal” - Statistics

General Stats
  • This quiz has been taken 26 times
  • The average score is 112 of 218
Answer Stats
拼音首字母 笔画数 汉字 % Correct
ɡ 9
100%
j 10
100%
n 9
100%
t 10
100%
t 11
100%
y 11
100%
l 11
96%
m 14
96%
b 9
91%
ɡ 10
91%
l 12
91%
n 15
91%
p 10
91%
x 12
91%
x 13
91%
a 12
87%
f 8
87%
ɡ 11
87%
m 13
87%
r 11
87%
s 11
87%
t 9
87%
d 7
83%
y 10
83%
b 9
78%
b 10
78%
f 9
78%
k 9
78%
y 6
78%
z 9
78%
ɡ 9
74%
l 7
74%
q 10
74%
s 14
74%
z 13
74%
a 11
70%
b 9
70%
e 12
70%
j 15
70%
l 17
70%
m 10
70%
n 8
70%
p 7
70%
q 10
70%
s 8
70%
t 8
70%
y 11
70%
z 7
70%
z 7
70%
a 14
65%
d 13
65%
ɡ 6
65%
ɡ 15
65%
l 11
65%
l 12
65%
l 18
65%
n 10
65%
t 10
65%
w 9
65%
b 9
61%
b 10
61%
c 9
61%
c 13
61%
d 13
61%
f 14
61%
ɡ 12
61%
h 9
61%
j 13
61%
l 13
61%
q 9
61%
q 10
61%
x 12
61%
y 11
61%
y 11
61%
z 10
61%
c 8
57%
c 11
57%
c 11
57%
c 12
57%
d 14
57%
ɡ 9
57%
ɡ 12
57%
ɡ 15
57%
h 11
57%
k 11
57%
l 12
57%
p 17
57%
p 17
57%
s 9
57%
t 10
57%
y 10
57%
c 8
52%
d 8
52%
d 10
52%
d 10
52%
d 14
52%
d 16
52%
f 12
52%
j 12
52%
j 13
52%
j 16
52%
k 12
52%
k 12
52%
k 13
52%
l 12
52%
l 17
52%
m 8
52%
n 15
52%
p 10
52%
p 13
52%
s 12
52%
t 12
52%
y 9
52%
y 10
52%
y 18
52%
z 11
52%
z 11
52%
z 15
52%
c 13
48%
d 11
48%
k 11
48%
l 10
48%
l 18
48%
n 13
48%
p 12
48%
q 14
48%
q 14
48%
s 10
48%
t 12
48%
x 11
48%
z 11
48%
z 12
48%
z 18
48%
b 16
43%
c 19
43%
d 9
43%
h 11
43%
j 9
43%
j 9
43%
j 12
43%
j 13
43%
m 11
43%
z 13
43%
b 15
39%
c 11
39%
e 11
39%
j 11
39%
k 14
39%
m 10
39%
m 14
39%
m 15
39%
n 9
39%
q 8
39%
r 12
39%
t 16
39%
x 12
39%
y 15
39%
b 10
35%
c 11
35%
l 12
35%
l 17
35%
m 13
35%
q 9
35%
q 11
35%
q 14
35%
s 11
35%
t 9
35%
x 10
35%
x 13
35%
x 22
35%
z 12
35%
z 13
35%
b 10
30%
b 15
30%
e 14
30%
h 13
30%
j 14
30%
l 15
30%
n 15
30%
q 17
30%
y 11
30%
b 13
26%
d 11
26%
ɡ 13
26%
h 14
26%
h 18
26%
j 11
26%
k 10
26%
k 13
26%
l 12
26%
l 14
26%
q 13
26%
t 11
26%
z 10
26%
c 12
22%
c 14
22%
d 11
22%
d 17
22%
d 17
22%
j 17
22%
l 12
22%
t 13
22%
t 17
22%
x 16
22%
b 10
17%
c 17
17%
j 13
17%
m 16
17%
q 12
17%
s 14
17%
z 16
17%
b 20
13%
y 11
13%
y 13
13%
z 10
13%
d 12 𬭊
4%
x 17 𬭳
4%
l 10 𬬻
0%
No matching quizzes found
Score Distribution
Percent of People with Each Score
Percentile by Number Answered
Your Score History
You have not taken this quiz